Profile: Cosmo Kramer Quiz Stats

 Plays Quiz Updated Apr 1, 2017

Support Sporcle.
Go Orange.
Score 0/20 Timer 05:00
0 Plays Today
Question Answer % Correct
What makes Kramer thirsty in a Woody Allen moviePretzels
87%
Enjoys these products (and ends up setting fire to a log cabin)Cuban cigars
84.7%
Kramer's best idea yet; shows it on live television, spitting coffee on the hostCoffee table book
83%
Calvin Klein steals this scent from KramerThe beach
80.6%
Kramer's prized cock fighterLittle Jerry
76.7%
Kramer makes a figurine out of this with the reasoning that Jerry is 'silly...'Fusilli Pasta
75.4%
This person buys Kramer's stories for his autobiographyJ. Peterman
74.7%
Coined name for Kramer's puffy shirt-creating girlfriendLow talker
71.6%
Kramer is the first out of this because of a naked woman across the streetThe contest
69.8%
People Kramer suggests should pull his rickshawsHomeless
67.3%
Question Answer % Correct
Kramer's motherBabs
59.8%
Finally returns to his job when a 12-year strike ends at this placeH&H Bagels
57%
Punches out this baseball greatMickey Mantle
56.7%
Kramer's much-mentioned friend whom we never seeBob Sacamano
55.5%
Expects a girl's bike from Elaine as payment for fixing her...neck
52.6%
Kramer's medical alias 'Doctor...'Van Nostrand
43.8%
Kramer's mother's long time occupationMatron
36.6%
Kramer is forced to stop his mail due to this company's ceaseless cataloguesPottery Barn
33.8%
Seizures occur every time this person's voice is heardMary Hart
33.6%
Elaine once described him as, 'a tall, lanky doofus with a bird face and hair like...'The bride of Frankenstein
19%

From the Vault

Country and Capital Ending in A

by oldkent

Sadly, Aaaaaa, is not a proper capital name.
Remove Ads.
Support Sporcle.
Get the best of Sporcle when you Go Orange. This ad-free experience offers more features, more stats, and more fun while also helping to support Sporcle. Thank you for becoming a member.

Show Comments

Extras

Top Quizzes Today


Score Distribution

Your Account Isn't Verified!

In order to create a playlist on Sporcle, you need to verify the email address you used during registration. Go to your Sporcle Settings to finish the process.

Report this User

Report this user for behavior that violates our Community Guidelines.

Details: